000 00818nam a2200289 a 4500
003 AR-BaBNM
005 20251128202756.0
008 082120s2002 ||||||||||||||000 | spa||
040 _cAR-BaBNM
100 1 _aGarcía Mérou, Martín
245 0 0 _aMartín García Mérou
260 _aBuenos Aires
_bEdiciones Culturales Argentinas
_bMinisterio de Educación y Justicia
_c1965
300 _a143 p.
_bláms.
490 0 _aAntologías
500 _aContiene referencias bibliográficas en p. 141
650 4 _aHISTORIA ARGENTINA
650 4 _aANTOLOGIAS
650 4 _aENSAYO
650 4 _aCRITICA LITERARIA
650 4 _aLITERATURA ARGENTINA
650 4 _aGENERACION DE 1880
650 4 _aESCRITORES
655 _aLITERATURA
700 1 _aCócaro, Nicolás
_ecompilador
942 _cBK
998 _cMARTIN
999 _c509
_d509